God's smuggler/ (Record no. 5212)
[ view plain ]
| 000 -LEADER | |
|---|---|
| fixed length control field | 00712nam a22002291 4500 |
| 001 - CONTROL NUMBER | |
| control field | 755708 |
| 003 - CONTROL NUMBER IDENTIFIER | |
| control field | GBCCL |
| 005 - DATE AND TIME OF LATEST TRANSACTION | |
| control field | 20251022140830.0 |
| 008 - FIXED-LENGTH DATA ELEMENTS--GENERAL INFORMATION | |
| fixed length control field | 740506s1967 nyu 000 0 eng |
| 040 ## - CATALOGING SOURCE | |
| Original cataloging agency | DLC |
| Transcribing agency | DLC |
| Modifying agency | DLC |
| 082 00 - DEWEY DECIMAL CLASSIFICATION NUMBER | |
| Classification number | 266.0092 |
| Item number | AND |
| 100 0# - MAIN ENTRY--PERSONAL NAME | |
| Personal name | Andrew, |
| Titles and words associated with a name | Brother. |
| 9 (RLIN) | 9367 |
| 245 10 - TITLE STATEMENT | |
| Title | God's smuggler/ |
| Statement of responsibility, etc. | by Brother Andrew with John and Elizabeth Sherrill. |
| 260 ## - PUBLICATION, DISTRIBUTION, ETC. | |
| Place of publication, distribution, etc. | [New York] |
| Name of publisher, distributor, etc. | New American Library |
| Date of publication, distribution, etc. | [1967] |
| 300 ## - PHYSICAL DESCRIPTION | |
| Extent | 240 p. |
| Dimensions | 22 cm. |
| 505 ## - FORMATTED CONTENTS NOTE | |
| Formatted contents note | C.2 (35TH ANNIVERSARY EDITION ), 2001 |
| 650 #0 - SUBJECT ADDED ENTRY--TOPICAL TERM | |
| Topical term or geographic name entry element | Missions |
| Geographic subdivision | Europe, Eastern. |
| 9 (RLIN) | 9378 |
| 700 1# - ADDED ENTRY--PERSONAL NAME | |
| Personal name | Sherrill, John L. |
| 9 (RLIN) | 3179 |
| 700 1# - ADDED ENTRY--PERSONAL NAME | |
| Personal name | Sherrill, Elizabeth. |
| 9 (RLIN) | 3180 |
| 906 ## - LOCAL DATA ELEMENT F, LDF (RLIN) | |
| a | 7 |
| b | cbc |
| c | orignew |
| d | u |
| e | ocip |
| f | 19 |
| g | y-gencatlg |
| 942 ## - ADDED ENTRY ELEMENTS (KOHA) | |
| Source of classification or shelving scheme | Dewey Decimal Classification |
| Koha item type | Books |
| Withdrawn status | Lost status | Source of classification or shelving scheme | Damaged status | Not for loan | Home library | Current Library | Shelving location | Date acquired | Total checkouts | Full call number | Barcode | Date last seen | Date last checked out | Copy number | Price effective from | Koha item type |
|---|---|---|---|---|---|---|---|---|---|---|---|---|---|---|---|---|
| Dewey Decimal Classification | GRACE BIBLE COLLEGE | GRACE BIBLE COLLEGE | Ministry & Mission | 2018-03-05 | 1 | 266.0092 AND | 009283 | 2025-05-01 | 2025-01-29 | c.1 | 2018-03-05 | Books | ||||
| Dewey Decimal Classification | GRACE BIBLE COLLEGE | GRACE BIBLE COLLEGE | Ministry & Mission | 2025-10-22 | 266.0092 AND | 017220 | 2025-10-22 | c.2 | 2025-10-22 | Books |